U.S. General Knowledge #21 - Statistics

General Stats
  • This quiz has been taken 20,202 times
  • The average score is 12 of 20
Answer Stats
Question Answer % Correct
What comes between freshman and junior? Sophomore
89%
What two companies sell the most AA batteries in the United States? Duracell
79%
What word means "appetizer" in French, but means "main course" in the United States? Entrée
73%
What topping should never be put on a Chicago-style hot dog (unless you are under the age of 17)? Ketchup
73%
What country did Ronald Reagan call "The Evil Empire"? Soviet Union
72%
What is the term for a western movie directed by an Italian director? {Spaghetti} Western
66%
In what New York neighborhood could you witness Nathan's Hot Dog Eating Contest? {Coney} Island
64%
What name, starting with E, was the most popular name for American baby girls born between 1996 and 2007? Emily
64%
What much-loathed company is the largest seller of concert tickets in the United States? Ticketmaster
64%
What city is served by Dulles and Reagan airports? Washington D.C.
64%
What two companies sell the most AA batteries in the United States? Energizer
63%
What TV series featured futuristic technology such as replicators, disruptors, and transporters? Star Trek
61%
What is the main ingredient in Cheerios cereal? Oats
57%
What was the last name of brothers Wyatt, Virgil, and Morgan who fought in the shootout at the O.K. Corral? Earp
56%
What was the last name of Hungarian-American actresses Eva, Magda, and Zsa Zsa? Gabor
55%
Name one of the two people to host "The Price is Right"? Bob Barker / Drew Carey
48%
What is the term for a publication, such as the National Enquirer, that publishes salacious and often untrue "news"? Tabloid
44%
What does FAO Schwarz sell? Toys
40%
What is the most populous U.S. city north of Anchorage? Fairbanks
39%
What prestigious university is located in Evanston, Illinois? Northwestern
39%
No matching quizzes found
Score Distribution
Percent of People with Each Score
Percentile by Number Answered
Your Score History
You have not taken this quiz